00483nam a2200193 a 4500001001300000003000900013005001700022008004100039020000900080082001600089100002500105245002100130260003800151300000900189500003500198505001000233650002100243700002500264nice12345678IN_TiNIC20260116012223.0050524s1979 hyda grp 000 0 urd  ac2000a297.42bSHA aShah, Syed Gul Hasan aTaleem-E-Ghousia aHyderabadbMinar Book Depo.c1979 a392p aincludes index and biblioraphy2 aIndex aSufism-Doctrines1 aShah, Syed Gul Hasan